| 000 | 003550000a22001570004500 | ||
|---|---|---|---|
| 005 | 20120302065121.0 | ||
| 942 | _cBOOK | ||
| 100 | _a Badathwal, Dr.Peetambardatta | ||
| 245 | _a Gorakh - Bani | ||
| 250 | _a 3rd | ||
| 260 | _aPrayag:Hindi Sahitya Sammelan | ||
| 300 | _a266p | ||
| 040 | _aMAR | ||
| 365 | _b6/- | ||
| 650 | _aSantavangmay, Gorakshanath | ||
| 999 |
_c363938 _d363935 |
||